000 00483nam a2200181Ia 4500
005 20250508154043.0
008 008 250505s9999 xx 000 0 eng d
037 _aTextual
040 _aFEDL
_beng
_cFEDL
041 _aeng
_2eng
084 _a973, BRU
_qFEDL
100 _aBruckberger R L
_9116740
245 0 _aImage of America
260 _aNew York, USA
_bThe Viking Press
_c1959
300 _aix,277p.
942 _cTEXL
_h973, BRU
999 _c1347327
_d1347327